000 00742cam a22002533a 4500
001 15954
003 PGUSA
005 20140828083336.0
008 050531s2005||||xxu|||||s|||||000 1 eng d
040 _aPGUSA
_beng
042 _adc
050 4 _aPZ
100 1 _aJudson, Clara Ingram,
_d1879-1960
245 1 0 _aMary Jane—Her Visit
_h[electronic resource] /
_cClara Ingram Judson
260 _bProject Gutenberg,
_c2005
506 _aPublic domain in the USA.
516 _aElectronic text
653 _aGirls -- Juvenile fiction
653 _aCountry life -- Juvenile fiction
653 _aGrandparents -- Juvenile fiction
830 0 _aProject Gutenberg
_v15954
856 4 0 _uhttp://www.gutenberg.org/ebooks/15954
942 _cEB
999 _c245209
_d245209